| 000 | 00957nam a22003017a 4500 | ||
|---|---|---|---|
| 003 | CHAP | ||
| 005 | 20220329141628.0 | ||
| 008 | 971013s1961 r 00010 d | ||
| 010 | _a71289 | ||
| 011 | _a72261 | ||
| 035 | _a81815 | ||
| 040 | _cCHAP | ||
| 082 |
_a311.2 _bD38 |
||
| 100 | 0 | 0 |
_aDavies, Owen Lewis _eed. _931221 |
| 245 | _aStatistical methods in research and production with special reference to the chemical industry | ||
| 250 | _a3 ed. | ||
| 260 |
_aLondon : _bImperial Chemical, _c1961 |
||
| 300 |
_a396 p. _b: ilus. |
||
| 590 |
_aBATCH-UPD _b10 _c20130110 _lUCH01 _h0449 |
||
| 590 |
_aBATCH-UPD _b10 _c20130410 _lUCH01 _h0126 |
||
| 590 |
_aBATCH-UPD _b10 _c20130914 _lUCH01 _h1137 |
||
| 590 |
_aCONVERSION _b10 _c20130109 _lUCH01 _h1339 |
||
| 650 | 1 | 4 |
_aEstadística matemática. _938261 |
| 650 | 1 | 4 |
_aIndustria _xEstadísticas. _957704 |
| 901 | _aBK | ||
| 942 | _cLIBRO | ||
| 949 |
_a311.2 D38 _bBC _cLIBRO _d33724000304648 _eLIBRO _h11 _i81815 _si |
||
| 999 |
_c71289 _d71289 |
||